| 000 | 00665nam a2200217 4500 | ||
|---|---|---|---|
| 001 | 6017 | ||
| 010 | _a9788447108596 | ||
| 090 | _a6017 | ||
| 100 | _a20250925d2001 a y0pory5003 ba | ||
| 200 | 1 |
_aA de Alice _fDominique Foufelle _gil. Fabienne Gallois ; trad. Teresa Serrano |
|
| 210 |
_a[S.l.] _cSalvat _d2001 |
||
| 215 |
_a[28] p. _cmuito il. color. |
||
| 225 | 1 | _aOs meus primeiros passos na leitura | |
| 606 |
_929 _aPublicação para crianças |
||
| 675 |
_a087.5 _vPT _zpor |
||
| 700 |
_aFoufelle _bDominique _93732 |
||
| 702 |
_aGallois _bFabienne _93733 |
||
| 702 |
_aSerrano _bTeresa _93402 |
||
| 801 | 0 |
_aPT _bBEN2VN _gRPC |
|
| 830 |
_cTânia Croca _d25/09/2025 |
||
| 990 | _cLIVROS | ||